Welcome to CU Library Online Public Access Catalogue (OPAC)

Sams teach yourself Google+ in 10 minutes / (Record no. 4892)

MARC details
000 -LEADER
fixed length control field 00715cam a22002294a 4500
001 - CONTROL NUMBER
control field 17130886
005 - DATE AND TIME OF LATEST TRANSACTION
control field 20250317163806.0
008 - FIXED-LENGTH DATA ELEMENTS--GENERAL INFORMATION
fixed length control field 120123s2012 inua 001 0 eng d
020 ## - INTERNATIONAL STANDARD BOOK NUMBER
International Standard Book Number 9780672335860 (pbk.)
020 ## - INTERNATIONAL STANDARD BOOK NUMBER
International Standard Book Number 0672335867 (pbk.)
050 00 - LIBRARY OF CONGRESS CALL NUMBER
Classification number HM743
Item number .R87 2012
082 04 - DEWEY DECIMAL CLASSIFICATION NUMBER
Classification number 006.7/54
Edition information 23
100 1# - MAIN ENTRY--PERSONAL NAME
Personal name Rutledge, Patrice-Anne.
245 10 - TITLE STATEMENT
Title Sams teach yourself Google+ in 10 minutes /
Statement of responsibility, etc. Patrice-Anne Rutledge.
260 ## - PUBLICATION, DISTRIBUTION, ETC.
Place of publication, distribution, etc. Indianapolis, Ind. :
Name of publisher, distributor, etc. Sams
Date of publication, distribution, etc. 2012
300 ## - PHYSICAL DESCRIPTION
Extent vii, 242 p. :
Other physical details ill. ;
Dimensions 21 cm.
500 ## - GENERAL NOTE
General note Includes index.
650 #0 - SUBJECT ADDED ENTRY--TOPICAL TERM
Topical term or geographic name entry element Google+ (Electronic resource)
650 #0 - SUBJECT ADDED ENTRY--TOPICAL TERM
Topical term or geographic name entry element Online social networks.
650 #0 - SUBJECT ADDED ENTRY--TOPICAL TERM
Topical term or geographic name entry element Social networks
General subdivision Computer network resources.
942 ## - ADDED ENTRY ELEMENTS (KOHA)
Source of classification or shelving scheme Library of Congress Classification
Koha item type Books
Suppress in OPAC No
999 ## -
-- 4892
-- 4892
Holdings
Withdrawn status Lost status Source of classification or shelving scheme Damaged status Not for loan Collection Home library Current library Shelving location Date acquired Total checkouts Full call number Barcode Date last seen Copy number Price effective from Koha item type
    Library of Congress Classification     Non-fiction Business Library (Miotso) Business Library (Miotso) General stacks 03/17/2025   HM743 .R87 2012 BSSM00001421 03/17/2025 1 03/17/2025 Books
© 2023-2024 Copyright: Central University Libraries. All Rights Reserved | Created by: Mahone Tech Office